000 00308nam a2200109 4500
245 _aLawrence of Arabia :a biographical inquiry
_cRichard Aldington
100 _aAldington , Richard
250 _a2nd ed.
260 _aHarmondsworth
_bPenguin Books
_c1971
300 _a504p. ;18cm.
082 _a940.4150924
_bLAW /ALD
999 _c414
_d414